书目信息 |
| 题名: |
移动源环境管理实用手册
|
|
| 作者: | ;生态环境部大气环境司 , 中国环境科学研究院 编 | |
| 分册: | 下册 | |
| 出版信息: | 北京 中国环境出版集团 2020.12 |
|
| 页数: | 623页 | |
| 开本: | 26cm | |
| 丛书名: | 《机动车船污染防治和治理》系列丛书 | |
| 单 册: | ||
| 中图分类: | X501-62 | |
| 科图分类: | ||
| 主题词: | 移动污染源--yi dong wu ran yuan--环境管理--手册 | |
| 电子资源: | ||
| ISBN: | 978-7-5111-4495-9 | |
| 000 | 01264nam 2200301 450 | |
| 001 | 202021193780 | |
| 005 | 20211025120141.0 | |
| 010 | @a978-7-5111-4495-9@dCNY180.00 | |
| 092 | @aCN@bRt970-3024 | |
| 100 | @a20211002d2020 em y0chiy50 ea | |
| 101 | 0 | @achi |
| 102 | @aCN@b110000 | |
| 105 | @ay z 000yy | |
| 106 | @ar | |
| 200 | 1 | @a移动源环境管理实用手册@Ayi dong yuan huan jing guan li shi yong shou ce@h下册@f生态环境部大气环境司, 中国环境科学研究院编 |
| 210 | @a北京@c中国环境出版集团@d2020.12 | |
| 215 | @a623页@d26cm | |
| 225 | 2 | @a《机动车船污染防治和治理》系列丛书@A《 ji dong che chuan wu ran fang zhi he zhi li 》xi lie cong shu |
| 330 | @a本书收入了我国国家级地方有关移动源环境管理的法律法规、规划计划文件、部门贯彻落实文件, 包括综合管理、公路运输与机动车管理、水运运输与船舶管理、非道路移动机械管理等。 | |
| 410 | 0 | @12001 @a《机动车船污染防治和治理》系列丛书 |
| 606 | 0 | @a移动污染源@Ayi dong wu ran yuan@x环境管理@j手册 |
| 690 | @aX501-62@v5 | |
| 711 | 02 | @a生态环境部大气环境司@Asheng tai huan jing bu da qi huan jing si@4编 |
| 711 | 02 | @a中国环境科学研究院@Azhong guo huan jing ke xue yan jiu yuan@4编 |
| 801 | 0 | @aCN@c20210909 |
| 901 | @a中国环境出版集团 | |
| 905 | @a河南城建学院图书馆@dX501-62@eS468:2 | |
| 997 | @a期货 | |
| 移动源环境管理实用手册.下册/生态环境部大气环境司, 中国环境科学研究院编.-北京:中国环境出版集团,2020.12 |
| 623页;26cm.-(《机动车船污染防治和治理》系列丛书) |
| ISBN 978-7-5111-4495-9:CNY180.00 |
| 本书收入了我国国家级地方有关移动源环境管理的法律法规、规划计划文件、部门贯彻落实文件, 包括综合管理、公路运输与机动车管理、水运运输与船舶管理、非道路移动机械管理等。 |
| ● |
| 相关链接 |
|
|
|
正题名:移动源环境管理实用手册
索取号:X501-62/S468:2
 
预约/预借
| 序号 | 登录号 | 条形码 | 馆藏地/架位号 | 状态 | 备注 |
| 1 | 1542955 | 215429551 | 自科库501/501自科库 98排2列5层/ [索取号:X501-62/S468:2] | 在馆 |